[Event "ODEM U25B 2013"]
[Site "Oberhof GER"]
[Date "2013.05.19"]
[Round "1"]
[White "Lilienthal, Niels Bennett"]
[Black "Schramm, Anna-Lena"]
[Result "0-1"]
[Termination "normal"]
[Board "24"]
[WhiteElo "983"]
[BlackElo "1420"]
[PlyCount "124"]
[WhiteFideId "16205421"]
[BlackFideId "12918237"]
[EventCountry "GER"]
[EventRounds "9"]
[EventType "swiss"]
[EventDate "2013.05.18"]

1. e4 e5 2. Nf3 Nc6 3. Bb5 Bc5 4. O-O d6 5. d4 exd4 6. Nxd4 Nge7 7. Nc3 O-O 8.
Be3 Bb6 9. Bxc6 Nxc6 10. Nxc6 bxc6 11. Bxb6 axb6 12. h3 Qg5 13. Qf3 Re8 14.
Rfe1 Re6 15. Qg3 Ra5 16. Qg4 h5 17. Qxg5 Rxg5 18. h4 Rg4 19. g3 g5 20. hxg5
Rxg5 21. f4 Rxg3+ 22. Kf2 Reg6 23. Rg1 h4 24. f5 R6g4 25. Ne2 Rxg1 26. Rxg1
Rxg1 27. Nxg1 d5 28. Kf3 Kg7 29. Kf4 dxe4 30. Kxe4 Kf6 31. Kf4 Bxf5 32. Nf3
Bxc2 33. Nxh4 Ke6 34. Nf3 Kd5 35. Ne5 f5 36. Nf3 c5 37. Ke3 Bb1 38. a3 Be4 39.
Nd2 b5 40. b3 Ke5 41. a4 f4+ 42. Ke2 bxa4 43. bxa4 Bc6 44. a5 Kd4 45. Nf3+ Kc4
46. Ne5+ Kb5 47. a6 Ba8 48. a7 Kb6 49. Nd3 f3+ 50. Kf2 Kxa7 51. Nxc5 Kb6 52.
Nd7+ Kb5 53. Ne5 Kb4 54. Nxf3 Bxf3 55. Kxf3 Kc3 56. Ke3 c5 57. Ke2 Kc2 58. Ke3
c4 59. Ke2 c3 60. Ke1 Kb2 61. Kd1 c2+ 62. Kd2 c1=Q+ 0-1

[Event "ODEM U25B 2013"]
[Site "Oberhof GER"]
[Date "2013.05.19"]
[Round "1"]
[White "Hausdorf, Lars"]
[Black "Graf, Lennard"]
[Result "1-0"]
[Termination "normal"]
[Board "25"]
[WhiteElo "1348"]
[BlackElo "979"]
[PlyCount "61"]
[WhiteFideId "16200390"]
[EventCountry "GER"]
[EventRounds "9"]
[EventType "swiss"]
[EventDate "2013.05.18"]

1. e4 c5 2. Nf3 a6 3. d4 cxd4 4. Nxd4 Nf6 5. Nc3 e5 6. Nf3 Nc6 7. Bg5 Bb4 8.
Be2 d6 9. O-O O-O 10. Nd5 Bg4 11. Qd3 Rc8 12. Rad1 Bc5 13. c3 a5 14. a3 a4 15.
Qb5 Bh5 16. Qxa4 Bg6 17. b4 Ba7 18. Bd3 Ra8 19. Qb3 Nb8 20. Bc2 Nbd7 21. Rd2
Qe8 22. Nc7 Qc8 23. Nxa8 Qxa8 24. Rxd6 Bxe4 25. Bxe4 Nxe4 26. Rxd7 Bxf2+ 27.
Rxf2 Nxf2 28. Kxf2 e4 29. Nd4 Re8 30. Qxf7+ Kh8 31. Qxg7# 1-0

[Event "ODEM U25B 2013"]
[Site "Oberhof GER"]
[Date "2013.05.19"]
[Round "1"]
[White "Grimm, Nicola Marie"]
[Black "Hagenbeck-Hübert, Lara"]
[Result "0-1"]
[Termination "normal"]
[Board "26"]
[WhiteElo "967"]
[BlackElo "1338"]
[PlyCount "60"]
[WhiteFideId "12988987"]
[BlackFideId "12964484"]
[EventCountry "GER"]
[EventRounds "9"]
[EventType "swiss"]
[EventDate "2013.05.18"]

1. d4 d5 2. Bf4 e6 3. Nf3 Bd6 4. Bg3 Nf6 5. e3 Nc6 6. c3 h6 7. Bd3 a6 8. Nbd2
Qe7 9. Ne5 Bxe5 10. Bxe5 Nxe5 11. dxe5 Nd7 12. Nf3 Nb6 13. Bc2 Bd7 14. Qd4
O-O-O 15. b4 f6 16. exf6 Qxf6 17. Ne5 Nc4 18. Qa7 c6 19. Nxd7 Qxc3+ 20. Kf1
Qxa1+ 21. Ke2 Qxh1 22. Nc5 Nd6 23. Nxe6 Qxg2 24. Nc5 Qg4+ 25. Kd2 Qxb4+ 26. Ke2
Qc4+ 27. Kd2 Ne4+ 28. Bxe4 dxe4+ 29. Ke1 Qc1+ 30. Ke2 Qd1# 0-1

[Event "ODEM U25B 2013"]
[Site "Oberhof GER"]
[Date "2013.05.19"]
[Round "1"]
[White "Vuckovic, Robert"]
[Black "Thumm, Niklas"]
[Result "0-1"]
[Termination "normal"]
[Board "28"]
[WhiteElo "944"]
[BlackElo "1330"]
[PlyCount "46"]
[WhiteFideId "12998680"]
[BlackFideId "12918733"]
[EventCountry "GER"]
[EventRounds "9"]
[EventType "swiss"]
[EventDate "2013.05.18"]

1. e4 e5 2. Nf3 Nc6 3. Bc4 Bc5 4. c3 Nf6 5. b4 Bb6 6. Qb3 O-O 7. d3 a5 8. Qa3
d5 9. exd5 Nxd5 10. O-O Bg4 11. Bg5 Nf6 12. Nbd2 axb4 13. Qb2 bxc3 14. Qxc3 Nd4
15. Bxf6 Qxf6 16. Ne4 Qh6 17. Qb2 Bxf3 18. gxf3 Nxf3+ 19. Kg2 Nh4+ 20. Kh1 Bd4
21. Qd2 Qh5 22. Ng3 Qf3+ 23. Kg1 Qg2# 0-1

[Event "ODEM U25B 2013"]
[Site "Oberhof GER"]
[Date "2013.05.19"]
[Round "1"]
[White "Schier, Lukas"]
[Black "Uhlmann, Marie"]
[Result "1-0"]
[Termination "normal"]
[Board "29"]
[WhiteElo "1327"]
[BlackElo "943"]
[PlyCount "77"]
[BlackFideId "12980340"]
[EventCountry "GER"]
[EventRounds "9"]
[EventType "swiss"]
[EventDate "2013.05.18"]

1. e4 c5 2. Nf3 Nc6 3. d4 cxd4 4. Nxd4 d6 5. Nc3 g6 6. Be3 Bg7 7. Bb5 Bd7 8.
O-O Nf6 9. Qd2 O-O 10. Nxc6 bxc6 11. Bc4 Ng4 12. Bg5 Bf6 13. Bxf6 Nxf6 14. Rfe1
e5 15. Qxd6 Ng4 16. Rad1 Nf6 17. Qxe5 Re8 18. Qd4 Bg4 19. f3 Qxd4+ 20. Rxd4 Be6
21. Bxe6 fxe6 22. Red1 e5 23. Rd6 Nh5 24. Rxc6 Red8 25. Rcd6 Nf4 26. Rxd8+ Rxd8
27. Rxd8+ Kg7 28. Rd7+ Kh6 29. Rxa7 g5 30. Ra5 Kh5 31. Rxe5 h6 32. Kf2 Ng6 33.
Rd5 Kh4 34. Rd6 Kh5 35. g4+ Kh4 36. Rxg6 h5 37. gxh5 Kxh5 38. Rf6 Kh4 39. Rh6#
1-0

[Event "ODEM U25B 2013"]
[Site "Oberhof GER"]
[Date "2013.05.19"]
[Round "1"]
[White "Moulart, Adrien"]
[Black "Morio, Estelle"]
[Result "0-1"]
[Termination "normal"]
[Board "30"]
[WhiteElo "930"]
[BlackElo "1322"]
[PlyCount "42"]
[BlackFideId "12951951"]
[EventCountry "GER"]
[EventRounds "9"]
[EventType "swiss"]
[EventDate "2013.05.18"]

1. e4 d6 2. d4 Nf6 3. Nc3 Nbd7 4. Nf3 e5 5. dxe5 dxe5 6. Bg5 Be7 7. Bc4 O-O 8.
O-O c6 9. h3 b5 10. Bb3 a5 11. a4 b4 12. Ne2 Nxe4 13. Bxe7 Qxe7 14. Re1 Qc5 15.
Rf1 Ba6 16. c4 bxc3 17. Rc1 Bxe2 18. Qxe2 Ng3 19. Qd3 Nxf1 20. Qxd7 Qb4 21.
bxc3 Qxb3 0-1

[Event "ODEM U25B 2013"]
[Site "Oberhof GER"]
[Date "2013.05.19"]
[Round "1"]
[White "Schrader, Alia"]
[Black "Ziegenfuß, Larissa"]
[Result "1-0"]
[Termination "normal"]
[Board "31"]
[WhiteElo "1311"]
[BlackElo "923"]
[PlyCount "123"]
[WhiteFideId "16270312"]
[BlackFideId "12974722"]
[EventCountry "GER"]
[EventRounds "9"]
[EventType "swiss"]
[EventDate "2013.05.18"]

1. e4 e5 2. Nf3 d6 3. Nc3 Be7 4. Bc4 Nc6 5. d4 Nf6 6. O-O O-O 7. h3 a6 8. Be3
b5 9. Bb3 b4 10. Bd5 bxc3 11. Bxc6 cxb2 12. Bxa8 bxa1=Q 13. Qxa1 exd4 14. Bxd4
Bxh3 15. Bb7 Bc8 16. Qb1 Bxb7 17. Qxb7 Qc8 18. Qxc8 Rxc8 19. e5 dxe5 20. Nxe5
Rd8 21. Bc3 Re8 22. Rd1 Bd6 23. Nc4 h6 24. Nxd6 cxd6 25. Rxd6 Re6 26. Rxe6 fxe6
27. Kf1 Kf7 28. Bd4 Ke7 29. Ke2 Kd6 30. Kd3 Kd5 31. c4+ Kc6 32. f3 Kd6 33. Kc3
e5 34. Be3 g5 35. Kb4 Kc6 36. Ka5 g4 37. Bxh6 gxf3 38. gxf3 Kb7 39. Be3 e4 40.
fxe4 Nxe4 41. Kb4 Kc6 42. a4 Nd6 43. c5 Nb7 44. Bf2 a5+ 45. Kc4 Nd8 46. Bg3 Nb7
47. Bd6 Nd8 48. Bb8 Nb7 49. Ba7 Nd8 50. Bb6 Nb7 51. Kd4 Kd7 52. Kd5 Kc8 53. c6
Nd8 54. Bxd8 Kxd8 55. Kd6 Kc8 56. c7 Kb7 57. Kd7 Kb6 58. c8=Q Ka7 59. Qc4 Kb6
60. Qb5+ Ka7 61. Kc7 Ka8 62. Qb7# 1-0

[Event "ODEM U25B 2013"]
[Site "Oberhof GER"]
[Date "2013.05.19"]
[Round "1"]
[White "Kurzweil, Nalani"]
[Black "Mönster, Michel"]
[Result "0-1"]
[Termination "normal"]
[Board "32"]
[WhiteElo "917"]
[BlackElo "1310"]
[PlyCount "98"]
[WhiteFideId "12985694"]
[BlackFideId "12947164"]
[EventCountry "GER"]
[EventRounds "9"]
[EventType "swiss"]
[EventDate "2013.05.18"]

1. e4 e6 2. Nc3 Bb4 3. a3 Bxc3 4. bxc3 Nc6 5. d4 b6 6. Nf3 Bb7 7. Bf4 Nce7 8.
Bd3 Nf6 9. e5 Nfd5 10. Bd2 Ng6 11. Be4 Nxc3 12. Bxc3 Bxe4 13. O-O O-O 14. Bb4
Re8 15. Re1 Bd5 16. Rc1 a5 17. Bd2 Bxf3 18. Qxf3 Nh4 19. Qg4 Nf5 20. Qg5 Qxg5
21. Bxg5 Nxd4 22. Red1 Ne2+ 23. Kf1 Nxc1 24. Rxc1 h6 25. Bf4 g5 26. Bg3 Kg7 27.
Rd1 Red8 28. c4 Rac8 29. a4 f6 30. exf6+ Kxf6 31. h4 d6 32. hxg5+ hxg5 33. f4
Rh8 34. fxg5+ Kxg5 35. Re1 Rh1+ 36. Kf2 Rxe1 37. Kxe1 Kg4 38. Kf2 Rf8+ 39. Ke3
Kxg3 40. Ke4 Kxg2 41. c5 bxc5 42. Ke3 d5 43. Kd3 Rf3+ 44. Ke2 c4 45. Kd2 d4 46.
Kc1 Rf2 47. Kd1 c3 48. Kc1 d3 49. Kd1 Rf1# 0-1

[Event "ODEM U25B 2013"]
[Site "Oberhof GER"]
[Date "2013.05.19"]
[Round "1"]
[White "Karge, Ole Jannes"]
[Black "Zimmer, Claudius"]
[Result "0-1"]
[Termination "normal"]
[Board "33"]
[WhiteElo "1471"]
[BlackElo "914"]
[PlyCount "62"]
[WhiteFideId "12957267"]
[EventCountry "GER"]
[EventRounds "9"]
[EventType "swiss"]
[EventDate "2013.05.18"]

1. e4 e5 2. Nf3 Nc6 3. d4 exd4 4. Nxd4 Nxd4 5. Qxd4 b6 6. Bc4 Nf6 7. Bg5 Be7 8.
Bxf6 Bxf6 9. Qd5 O-O 10. Qxa8 Bxb2 11. Qxa7 Bxa1 12. c3 c6 13. Qa3 Qf6 14. O-O
b5 15. Bd3 d5 16. exd5 Rd8 17. Rc1 Rxd5 18. Re1 Be6 19. Be4 Rd8 20. Bxc6 Qe5
21. Be4 Qxe4 22. Rc1 Qe2 23. h3 g6 24. Qa5 Rd1+ 25. Rxd1 Qxd1+ 26. Kh2 Qxb1 27.
Qd8+ Kg7 28. Qd4+ f6 29. Qa7+ Bf7 30. Qa5 Qxa2 31. Qxb5 Bxc3 0-1

[Event "ODEM U25B 2013"]
[Site "Oberhof GER"]
[Date "2013.05.19"]
[Round "1"]
[White "Lorf, Yannick"]
[Black "Wolff, Marie Antoinette"]
[Result "0-1"]
[Termination "normal"]
[Board "34"]
[WhiteElo "913"]
[BlackElo "1280"]
[PlyCount "68"]
[BlackFideId "12908258"]
[EventCountry "GER"]
[EventRounds "9"]
[EventType "swiss"]
[EventDate "2013.05.18"]

1. e4 c5 2. Nf3 Nc6 3. Bc4 g6 4. O-O Bg7 5. d3 e6 6. Be3 b6 7. Qd2 Nge7 8. Nc3
O-O 9. Bh6 Bb7 10. Rfe1 d6 11. Rad1 Re8 12. Bxg7 Kxg7 13. d4 cxd4 14. Nxd4 d5
15. Nxc6 Bxc6 16. Qd4+ Kg8 17. exd5 exd5 18. Bxd5 Nxd5 19. Rxe8+ Qxe8 20. Nxd5
Bxd5 21. Qxd5 Rc8 22. c3 Qe2 23. Qd7 Rc7 24. Qd4 Re7 25. h3 Re8 26. Rd2 Qe6 27.
Kf1 Qxa2 28. Qd7 Qc4+ 29. Rd3 Qe4 30. Re3 Qb1+ 31. Ke2 Qxb2+ 32. Kd3 Rxe3+ 33.
fxe3 Qb1+ 34. Kd4 Qd1+ 0-1

[Event "ODEM U25B 2013"]
[Site "Oberhof GER"]
[Date "2013.05.19"]
[Round "1"]
[White "Klinkhammer, Christopher"]
[Black "Breitzmann, Malte"]
[Result "1-0"]
[Termination "normal"]
[Board "35"]
[WhiteElo "1279"]
[BlackElo "886"]
[PlyCount "119"]
[WhiteFideId "12925020"]
[EventCountry "GER"]
[EventRounds "9"]
[EventType "swiss"]
[EventDate "2013.05.18"]

1. c4 e5 2. Nc3 Nc6 3. g3 Bc5 4. Bg2 f5 5. e3 Nf6 6. Nge2 d6 7. d4 Bb4 8. a3
Bxc3+ 9. Nxc3 O-O 10. O-O Bd7 11. b4 e4 12. f3 Qe7 13. Nd5 Nxd5 14. cxd5 Nd8
15. fxe4 fxe4 16. Rxf8+ Kxf8 17. Qc2 Bf5 18. Bd2 Kg8 19. h3 c6 20. dxc6 bxc6
21. g4 Bg6 22. Rf1 d5 23. Be1 Rc8 24. Bg3 Nb7 25. Qa4 Nd8 26. Rc1 Qb7 27. Bf1
Qb6 28. Rc5 Nb7 29. Ba6 Be8 30. Bxb7 Qxb7 31. Qc2 Qf7 32. Qf2 Qxf2+ 33. Kxf2
Kf7 34. Ke2 Rb8 35. Bxb8 a6 36. Ra5 Ke7 37. Rxa6 Kd7 38. Ra7+ Kc8 39. Be5 Bd7
40. Bxg7 Kd8 41. Bf6+ Kc8 42. Ra8+ Kc7 43. Rh8 Kd6 44. Rxh7 Kc7 45. g5 Kd6 46.
Rxd7+ Kxd7 47. g6 Ke8 48. g7 Kf7 49. a4 Kxf6 50. g8=Q c5 51. bxc5 Kf5 52. Qxd5+
Kg6 53. Qxe4+ Kf6 54. c6 Kf7 55. c7 Kf6 56. Qe5+ Kg6 57. c8=R Kf7 58. Qd6 Kg7
59. Rc7+ Kg8 60. Qd8# 1-0

[Event "ODEM U25B 2013"]
[Site "Oberhof GER"]
[Date "2013.05.19"]
[Round "1"]
[White "Schluckner, Paul-Leopold"]
[Black "Reuker, Ronja"]
[Result "1-0"]
[Termination "normal"]
[Board "37"]
[WhiteElo "1259"]
[BlackElo "870"]
[PlyCount "31"]
[WhiteFideId "12952168"]
[BlackFideId "12947172"]
[EventCountry "GER"]
[EventRounds "9"]
[EventType "swiss"]
[EventDate "2013.05.18"]

1. e4 e5 2. Nf3 Nc6 3. Bc4 Nf6 4. Ng5 d5 5. exd5 Nxd5 6. Nxf7 Kxf7 7. Qf3+ Ke6
8. Nc3 Ncb4 9. O-O c6 10. Bb3 Ke7 11. Re1 Qd6 12. d4 Nxc3 13. Qf7+ Kd8 14. Bf4
Qxd4 15. Bg5+ Be7 16. Qxe7# 1-0

[Event "ODEM U25B 2013"]
[Site "Oberhof GER"]
[Date "2013.05.19"]
[Round "1"]
[White "Schulze, Lukas"]
[Black "Kovac, Linda"]
[Result "0-1"]
[Termination "normal"]
[Board "38"]
[WhiteElo "858"]
[BlackElo "1250"]
[PlyCount "78"]
[WhiteFideId "12956856"]
[BlackFideId "12938815"]
[EventCountry "GER"]
[EventRounds "9"]
[EventType "swiss"]
[EventDate "2013.05.18"]

1. e4 c5 2. Nc3 g6 3. Bc4 Bg7 4. f4 e6 5. Nf3 Ne7 6. O-O O-O 7. d3 d5 8. Bb3
Nbc6 9. Qe1 b6 10. Nd2 Bb7 11. Rf3 Re8 12. Rh3 Bd4+ 13. Kh1 Bg7 14. Qh4 h6 15.
Nf3 dxe4 16. dxe4 f5 17. Bxe6+ Kf8 18. Qg3 fxe4 19. Nxe4 Qd1+ 20. Ne1 Nd8 21.
Bg4 Qd4 22. Nf2 Nf5 23. Nfd3 Nxg3+ 24. Rxg3 h5 25. Nf3 Bxf3 26. Bxf3 Qxd3 27.
h3 Re1+ 28. Kh2 Qf1 29. Rg5 Qh1+ 30. Kg3 Rc8 31. Rxg6 Rxc1 32. Rxc1 Qxc1 33.
Bxh5 Rc6 34. Rxc6 Nxc6 35. Kg4 Qxc2 36. Kg5 Qxg2+ 37. Bg4 Qxb2 38. h4 Qf6+ 39.
Kh5 Qh6# 0-1

[Event "ODEM U25B 2013"]
[Site "Oberhof GER"]
[Date "2013.05.19"]
[Round "1"]
[White "Wagner, Swenja"]
[Black "Granzin, Mina"]
[Result "1-0"]
[Termination "normal"]
[Board "39"]
[WhiteElo "1248"]
[BlackElo "857"]
[PlyCount "65"]
[WhiteFideId "12900494"]
[EventCountry "GER"]
[EventRounds "9"]
[EventType "swiss"]
[EventDate "2013.05.18"]

1. e4 e5 2. Nc3 Nc6 3. Bc4 Bc5 4. d3 d6 5. Nge2 Nf6 6. Na4 Bb4+ 7. c3 Ba5 8.
Bg5 h6 9. Bh4 g5 10. Bg3 Qe7 11. b4 Bxb4 12. cxb4 Nxb4 13. Qb3 Nc6 14. Bb5 Bd7
15. Nac3 a6 16. Bxc6 Bxc6 17. O-O O-O-O 18. Rab1 h5 19. f3 g4 20. Bh4 Rdf8 21.
fxg4 hxg4 22. Bxf6 Qd7 23. Bxh8 Rxh8 24. Rxf7 Qe8 25. Rbf1 b5 26. Nd5 a5 27.
Nxc7 Qd8 28. Qc3 Bd7 29. Ne6+ Kb8 30. Nxd8 Ka7 31. Rxd7+ Kb8 32. Qc7+ Ka8 33.
Qc8# 1-0

[Event "ODEM U25B 2013"]
[Site "Oberhof GER"]
[Date "2013.05.19"]
[Round "1"]
[White "Riedel, Adelheid"]
[Black "Eggert, Daniela"]
[Result "0-1"]
[Termination "normal"]
[Board "40"]
[WhiteElo "846"]
[BlackElo "1241"]
[PlyCount "54"]
[BlackFideId "12991490"]
[EventCountry "GER"]
[EventRounds "9"]
[EventType "swiss"]
[EventDate "2013.05.18"]

1. e4 e5 2. Nf3 Nc6 3. Bc4 Bc5 4. c3 Nf6 5. Ng5 d5 6. exd5 Na5 7. Be2 Nxd5 8.
d4 Be7 9. Ne4 exd4 10. Qxd4 Nf6 11. Qe5 Nxe4 12. Qxe4 O-O 13. Bd3 g6 14. Bh6
Re8 15. Qe5 Bf6 16. Qe2 Rxe2+ 17. Bxe2 Qe7 18. Bf4 Bf5 19. Nd2 Re8 20. Be3 Bg5
21. O-O Bxe3 22. fxe3 Qxe3+ 23. Kh1 Qxd2 24. Rae1 Rxe2 25. Rxe2 Qxe2 26. Rg1
Be4 27. b4 Nc4 0-1

[Event "ODEM U25B 2013"]
[Site "Oberhof GER"]
[Date "2013.05.19"]
[Round "1"]
[White "Stockter, Jasper Enno"]
[Black "Pahl, Theis"]
[Result "0-1"]
[Termination "normal"]
[Board "41"]
[WhiteElo "1239"]
[BlackElo "839"]
[PlyCount "76"]
[WhiteFideId "12957291"]
[BlackFideId "16201264"]
[EventCountry "GER"]
[EventRounds "9"]
[EventType "swiss"]
[EventDate "2013.05.18"]

1. e4 e5 2. Nf3 Nc6 3. d4 exd4 4. Nxd4 Bc5 5. Be3 Bxd4 6. Bxd4 f6 7. Nc3 Nge7
8. Be2 d5 9. Bc5 Be6 10. O-O O-O 11. f4 Re8 12. Bxe7 Nxe7 13. f5 Bf7 14. Bf3
dxe4 15. Bxe4 c6 16. Qf3 Qc7 17. Kh1 Rad8 18. Rad1 b5 19. a3 a5 20. b4 axb4 21.
axb4 Nc8 22. Bxc6 Rxd1 23. Rxd1 Re5 24. Kg1 Qb6+ 25. Kf1 Bc4+ 26. Rd3 Bxd3+ 27.
cxd3 Ne7 28. Bd5+ Kf8 29. Be6 Nc6 30. Qh5 Nd8 31. Qxh7 Nxe6 32. Qh8+ Kf7 33.
Qh5+ Ke7 34. fxe6 Rxh5 35. g4 Re5 36. h3 Qe3 37. Kg2 Qd2+ 38. Kg3 Qxc3 0-1

[Event "ODEM U25B 2013"]
[Site "Oberhof GER"]
[Date "2013.05.19"]
[Round "1"]
[White "Zell, Mirjam"]
[Black "Dathe, Frederick"]
[Result "0-1"]
[Termination "normal"]
[Board "42"]
[WhiteElo "820"]
[BlackElo "1233"]
[PlyCount "112"]
[WhiteFideId "16208544"]
[BlackFideId "12963070"]
[EventCountry "GER"]
[EventRounds "9"]
[EventType "swiss"]
[EventDate "2013.05.18"]

1. e4 c5 2. Nc3 Nc6 3. Nf3 g6 4. d4 cxd4 5. Nxd4 Bg7 6. Be3 Nf6 7. Bc4 O-O 8.
Qd2 d6 9. Bb5 Bd7 10. Bf4 Nxd4 11. Qd3 Nxb5 12. Nxb5 Bxb5 13. Qxb5 Nxe4 14. Be3
b6 15. O-O Nf6 16. Qe2 Qd7 17. h3 Rac8 18. Rad1 Qa4 19. Rc1 Qxa2 20. b3 Qa5 21.
Bd2 Qd5 22. Bb4 a5 23. Ba3 Qb7 24. c4 Nh5 25. Qg4 Nf6 26. Qh4 Rfd8 27. Rce1 Qd7
28. Re2 e6 29. Rd1 d5 30. Bb2 Ne4 31. Rxe4 Bxb2 32. Qg4 f5 33. Qf3 fxe4 34. Qg4
Qc6 35. Rd2 Bg7 36. Re2 dxc4 37. bxc4 Qxc4 38. Rxe4 Qc1+ 39. Kh2 e5 40. Qe2 Qc2
41. Qf3 Rf8 42. Qg4 Rf4 43. Qe6+ Rf7 44. Rg4 b5 45. Rg3 a4 46. Ra3 Qc6 47. Qa2
Qc4 48. Qxc4 Rxc4 49. f3 Ra7 50. Rd3 a3 51. Rd1 Bf8 52. Rb1 a2 53. Rxb5 a1=Q
54. Rxe5 Qxe5+ 55. g3 Ra2+ 56. Kg1 Rc1# 0-1

[Event "ODEM U25B 2013"]
[Site "Oberhof GER"]
[Date "2013.05.19"]
[Round "1"]
[White "Eichstaedt, Ina"]
[Black "Gazizov, Erik"]
[Result "1-0"]
[Termination "normal"]
[Board "43"]
[WhiteElo "1224"]
[BlackElo "722"]
[PlyCount "75"]
[WhiteFideId "1270265"]
[BlackFideId "12951358"]
[EventCountry "GER"]
[EventRounds "9"]
[EventType "swiss"]
[EventDate "2013.05.18"]

1. e4 d5 2. exd5 Qxd5 3. Nc3 Qa5 4. a3 c6 5. Nf3 Nf6 6. h3 g6 7. Be2 Bg7 8. O-O
O-O 9. d3 Qc7 10. Be3 e6 11. Qc1 b6 12. Bf4 e5 13. Bxe5 Qd7 14. Bf4 Bb7 15. Ne5
Qd8 16. Ng4 a6 17. Bf3 Nbd7 18. Nxf6+ Nxf6 19. Rb1 Qd7 20. Re1 c5 21. Bxb7 Qxb7
22. Qd2 Nd7 23. Re2 b5 24. Bh6 Bxh6 25. Qxh6 Rfd8 26. Qf4 Nb6 27. Rbe1 Qd7 28.
Re7 Qxe7 29. Rxe7 Rf8 30. Qc7 b4 31. Qxb6 bxc3 32. bxc3 Rab8 33. Qxc5 Rbc8 34.
Rc7 Rxc7 35. Qxc7 Re8 36. Kf1 Kg7 37. Qc6 a5 38. Qxe8 1-0

[Event "ODEM U25B 2013"]
[Site "Oberhof GER"]
[Date "2013.05.19"]
[Round "1"]
[White "Müdder, Melanie"]
[Black "Schilay, Eva"]
[Result "0-1"]
[Termination "normal"]
[Board "44"]
[WhiteElo "712"]
[BlackElo "1223"]
[PlyCount "76"]
[WhiteFideId "12994103"]
[BlackFideId "12930164"]
[EventCountry "GER"]
[EventRounds "9"]
[EventType "swiss"]
[EventDate "2013.05.18"]

1. e4 e5 2. Nf3 Nc6 3. Bc4 Bc5 4. b4 Bxb4 5. c3 Bc5 6. d4 exd4 7. O-O d6 8.
cxd4 Bb6 9. Re1 Nge7 10. Nc3 O-O 11. Bg5 h6 12. Bh4 Ba5 13. Qc1 Bg4 14. Qe3 Qe8
15. Bxe7 Qxe7 16. Nd5 Qd7 17. Re2 Bxf3 18. Qxf3 Nxd4 19. Qe3 Nxe2+ 20. Qxe2 c6
21. Nf4 Rfe8 22. Qf3 b5 23. Bb3 Bc3 24. Qxc3 Rxe4 25. Nh5 Re5 26. Ng3 a5 27. a4
b4 28. Qd3 Rae8 29. Qd2 Qe7 30. h3 Re1+ 31. Rxe1 Qxe1+ 32. Qxe1 Rxe1+ 33. Kh2
d5 34. Nf5 Kf8 35. g4 Rb1 36. Bc2 Rb2 37. Nd4 c5 38. Bh7 cxd4 0-1

[Event "ODEM U25B 2013"]
[Site "Oberhof GER"]
[Date "2013.05.19"]
[Round "1"]
[White "Schenk, Philipp"]
[Black "Reichel, Sara"]
[Result "1-0"]
[Termination "normal"]
[Board "45"]
[WhiteElo "1213"]
[BlackElo "683"]
[PlyCount "37"]
[BlackFideId "16245130"]
[EventCountry "GER"]
[EventRounds "9"]
[EventType "swiss"]
[EventDate "2013.05.18"]

1. e4 c5 2. d4 d6 3. Bc4 e6 4. dxc5 dxc5 5. Qxd8+ Kxd8 6. Nf3 Nc6 7. Nc3 g6 8.
Bf4 Bg7 9. O-O-O+ Ke8 10. Nb5 Kf8 11. Bd6+ Ke8 12. Nc7+ Kd7 13. Nxa8 Nf6 14.
Bf8+ Ke8 15. Bxg7 Rg8 16. Bxf6 b6 17. Bb5 Bb7 18. Bxc6+ Bxc6 19. Rd8# 1-0